000 00966nam a2200217Ii 4500
003 JO-AjNU
008 230605s9999||||xx |||||||||||||| ||und||
017 _a2008/6/1728
020 _a978-9957-32-393-6
040 _aJO-AjNU
_bara
_erda
_cJO-AjNU
041 _aara
050 1 4 _aZ675.U5.T37 2009
100 3 _aالترتوري ، محمد عوض/ م مشارك محمد الرقب ، بشير مصطفى الناصر ,
_eauthor
_930230
245 0 0 _aادارة الجودة الشاملة في المكتبات ومراكز المعلومات الجامعية
264 3 1 _aعمان:دار الحامد للنشر ،2009
300 _a500ص
_bيشمل على ارجاعات بيلوغرافية
336 _atext
_btxt
_2rdacontent
337 _aunmediated
_bn
_2rdamedia
338 _avolume
_bnc
_2rdacarrier
650 4 _aالمكتبات-ضبط الجودة-المكتبات الجامعية-ادارة -مراكز المعلومات -ادارة
_930231
999 _aA11959
_c15527
_d15527